| 000 | 02320cas a2200577 i 4500 | ||
|---|---|---|---|
| 001 | data | ||
| 005 | 20260322212110.0 | ||
| 008 | data | ||
| 010 | _a 82646187 | ||
| 016 | 7 |
_a010510489 _2Uk |
|
| 019 |
_a1353610559 _a1353610559 |
||
| 022 | 0 |
_a0251-4788 _2z |
|
| 023 | 0 |
_a0251-4788 _2z |
|
| 029 | 1 |
_aAU@ _b000015844979 |
|
| 029 | 1 |
_aNZ1 _b4349587 |
|
| 035 | _a(OCoLC)7772232 | ||
| 037 | _bTaiwan Theological College, 20, Lane 2, Sec. 2, Yang Teh Da Rd., Shihlin, Taipei, Taiwan | ||
| 040 |
_aCFT _beng _erda _cCFT _dOCLCQ _dAIP _dNSD _dNST _dOCLCQ _dZCU _dOCLCQ _dUKMGB _dOCLCQ _dOCLCO _dOCLCF _dP4I _dOCLCQ _dOCLCL _dNDD _dOCLCQ |
||
| 041 | 0 |
_aeng _aeng |
|
| 042 |
_ansdp _ansdp |
||
| 050 | 0 | 0 |
_aBR118 _b.T35 |
| 066 | _c$1 | ||
| 082 | 0 |
_a230/.05 _219 _1https://id.oclc.org/worldcat/ddc/E49rDxWtC3qRjTth34QdpttJxK |
|
| 210 | 0 | _aTáiwān shénxué lùnkān | |
| 222 | 0 | _aTáiwān shénxué lùnkān | |
| 245 | 0 | 0 |
_6880-01 _aTaiwan shen xue lun kan = _bTaiwan journal of theology. |
| 246 | 3 | 1 | _aTaiwan journal of theology |
| 264 | 1 |
_6880-02 _aTaibei Shi : _bTaiwan shen xue yuan, _c[Minguo 68 nian i.e. 1979]- |
|
| 300 |
_avolumes ; _c24 cm |
||
| 336 |
_atext _btxt _2rdacontent |
||
| 337 |
_aunmediated _bn _2rdamedia |
||
| 338 |
_avolume _bnc _2rdacarrier |
||
| 362 | 0 |
_6880-03 _aDi 1 juan di 1 qi (min guo 68 nian 3 yue [Mar. 1979])- |
|
| 500 | _a"Promoting theological scholarship." | ||
| 500 | _aTitle from cover. | ||
| 515 |
_6880-04 _aIssue for Mar. 1982 called also ji nian kan. |
||
| 546 | _aChinese and English. | ||
| 588 | _aLatest issue consulted: No. 29 (2007). | ||
| 650 | 0 | _aTheology. | |
| 650 | 7 |
_aTheology. _2fast _0(OCoLC)fst01149559 |
|
| 710 | 2 |
_6880-05 _aTaiwan shen xue yuan. _1https://id.oclc.org/worldcat/entity/E39QH7JmqDWtgwXJfTMxqWDmtg |
|
| 880 | 0 | 0 |
_6245-01/$1 _a$1!58!IC!Nk!:`!Y$!3U(B = _bTaiwan journal of theology. |
| 880 | 1 |
_6264-02/$1 _a$1!58!4I(B : _b$1!58!IC!Nk!:`!^z(B, _c[$1!FM!7o(B68$1!<e(B i.e.] 1979- |
|
| 880 | 0 |
_6362-03/$1 _a$1!Os(B1$1'@{!Os(B1$1!Cd(B($1!FM!7o(B68$1!<e(B3$1!C[(B)- |
|
| 880 |
_6515-04/$1 _aIssue for Mar. 1982 called also $1!Pp!>'!3U(B. |
||
| 880 | 2 |
_6710-05/$1 _a$1!58!IC!Nk!:`!^z(B. |
|
| 906 |
_a7 _bcbc _cserials _d3 _encip _f19 _gn-oclcserc |
||
| 991 |
_bc-Asian _hBR118 _i.T35 _wSERIALS |
||
| 999 |
_c1632 _d1632 |
||